ბათუმის შოთა რუსთაველის სახელმწიფო უნივერსიტეტის ბიბლიოთეკა

Сумерки богов : (ბიბ.ჩანაწერი № 60806)

000 -LEADER
fixed length control field 01236nam a22002417a 4500
005 - DATE AND TIME OF LATEST TRANSACTION
control field 20231024121422.0
008 - FIXED-LENGTH DATA ELEMENTS--GENERAL INFORMATION
fixed length control field 231024s1990 ru ||||| |||| 00| 0 rus d
020 ## - INTERNATIONAL STANDARD BOOK NUMBER
International Standard Book Number 5250012752
080 ## - UNIVERSAL DECIMAL CLASSIFICATION NUMBER
Universal Decimal Classification number 27 C-89
100 ## - MAIN ENTRY--PERSONAL NAME
Personal name Яковлев, А.А.
9 (RLIN) 20209
245 ## - TITLE STATEMENT
Title Сумерки богов :
Remainder of title [Сборник] : Переводы /
Statement of responsibility, etc. Ф. Ницше, З. Фрейд, Э. Фромм, А. Камю, Ж.П. Сартр ; Составление, общая редакция и предисловие А. А. Яковлева.
264 ## - PRODUCTION, PUBLICATION, DISTRIBUTION, MANUFACTURE, AND COPYRIGHT NOTICE
Place of production, publication, distribution, manufacture Москва :
Name of producer, publisher, distributor, manufacturer Политиздат,
Date of production, publication, distribution, manufacture, or copyright notice 1990.
300 ## - PHYSICAL DESCRIPTION
Extent 398 стр.;
Other physical details 20 см.
521 ## - TARGET AUDIENCE NOTE
Target audience note შენიშვნები: გვ. 345-393.
სახელთა საძიებელი: გვ. 394-397.
Source ბიბლიოგრაფია შენიშვნებში: გვ. 345-393.
653 ## - INDEX TERM--UNCONTROLLED
keyword ათეიზმი
653 ## - INDEX TERM--UNCONTROLLED
keyword ქრისტიანობა
653 ## - INDEX TERM--UNCONTROLLED
keyword ფსიქოანალიზი
700 ## - ADDED ENTRY--PERSONAL NAME
Personal name Ницше, Ф.
Relator term ავტორი
9 (RLIN) 20210
700 ## - ADDED ENTRY--PERSONAL NAME
Personal name Фрейд, З.
Relator term ავტორი
9 (RLIN) 20211
700 ## - ADDED ENTRY--PERSONAL NAME
Personal name Камю, А.
Relator term ავტორი
9 (RLIN) 20212
700 ## - ADDED ENTRY--PERSONAL NAME
Personal name Сартр, Ж.-П.
Relator term ავტორი
9 (RLIN) 20213
942 ## - ADDED ENTRY ELEMENTS (KOHA)
Source of classification or shelving scheme
Koha item type წიგნი
ეგზემპლარები
Withdrawn status Lost status Source of classification or shelving scheme Damaged status Not for loan Permanent Location Current Location Shelving location Date acquired Cost, normal purchase price Full call number Barcode Date last seen Copy number Uniform Resource Identifier Price effective from Koha item type Public note
          ბათუმის შოთა რუსთაველის სახელმწიფო უნივერსიტეტის მთავარი ბიბლიოთეკა ბათუმის შოთა რუსთაველის სახელმწიფო უნივერსიტეტის მთავარი ბიბლიოთეკა წიგნსაცავი 2023-10-24 8.00 27 C-89 65377 2023-10-24 65377 ბსუ-ს საპატიო დოქტორის გურამ ლორთქიფანიძის საჩუქარი 2023-10-24 წიგნი 8 ლ.